| 000 | 00717nam a2200229 a 4500 | ||
|---|---|---|---|
| 001 | 13884 | ||
| 003 | BD-JhCC | ||
| 005 | 20240511120218.0 | ||
| 008 | 201121s20132019bg |||| ||a| 000 0 ben d | ||
| 020 | _a9789849*018346 | ||
| 035 | _a(BD-JhCC)13884 | ||
| 040 |
_aBD-JhCC _dBD-JhCC |
||
| 041 | _abengali | ||
| 082 |
_a891.3 _bIQB 2019 |
||
| 100 | _aইকবাল, মুহম্মদ জাফর | ||
| 245 |
_aব্ল্যাক হোলের বাচ্চা / _cমুহম্মদ জাফর ইকবাল । |
||
| 260 |
_aঢাকা : _bপ্রতীক; _c২০১৯. |
||
| 300 |
_a124 p. : _c22 cm. |
||
| 650 | _aBengali Science Fiction | ||
| 942 |
_2ddc _cBK _019 |
||
| 999 |
_c13884 _d13884 |
||